| 000 | 00513nam a22001457a 4500 | ||
|---|---|---|---|
| 082 | _aBEE-4 ARS | ||
| 100 | _aMuhammad Arslan | ||
| 245 | _aSolmart: smart load sharing between photovoltaic system and grid supply with battery backup | ||
| 260 |
_aIslamabad _bNUST-SEECS _c2016 |
||
| 300 |
_a54p. _b27cm. _eCD ROM Include |
||
| 500 | _aSupervisors: Dr Salman Abdul Ghafoor, Mr. Ahsan Azhar | ||
| 700 |
_aChaudhary Adil Ali _992425 |
||
| 856 | _uhttp://10.250.8.41:8080/xmlui/handle/123456789/9770 | ||
| 942 |
_cPR _2ddc |
||
| 999 |
_c13612 _d13612 |
||